000 00844nam a2200265Ia 4500
003 OSt
005 20221005084041.0
006 a|||||r|||| 00| 0
007 ta
008 221004b |||||||| |||| 00| 0 eng d
020 _a0471678163
_c6696
024 _a84641
037 _b347, 24/03/2006, Ashutosh Technical Books
_cTextual
040 _aCRL
_cCRL
_beng
041 _2eng
_aeng
082 _aH424, P5;1
100 _aCornforth Derek H.
_9613018
245 0 _aLandslides in practice
_b Investigations, analysis, and remedial/preventative options in soils
260 _aNew Jersey
_bJohn Wiley and Sons
_c2004
300 _a596p.
_ccm.
650 _a GEOLOGY
650 _aSOIL
_9233236
942 _hH424, P5;1
_cTEXL
_2cc
999 _c991970
_d991970